| 000 | 00000nam##2200000za#4500 |
| 001 | 9.625413 |
| 003 | CaOODSP |
| 005 | 20200327183107 |
| 007 | ta |
| 008 | 150406|2000||||xxc||||| f|0| 0 fre|d |
| 020 | |a0-662-85000-9 |
| 022 | |a1484-2815 |
| 040 | |aCaOODSP|bfre |
| 043 | |an-cn--- |
| 086 | 1 |aFo29-47/19-2000F |
| 110 | 1 |aCanada.|bRessources naturelles Canada. |bService canadien des forêts. |
| 245 | 10|aSpécimens en double de microarthropodes|cpar M. Clayton et L. Humble. |
| 260 | |aVictoria - Colombie Britannique : |bRessources naturelles Canada. |c2000. |
| 300 | |a6p. : |bfigures, références ; |c28 cm. |
| 490 | 1 |aNotes de transfert technologique|x1484-2815|vN° 19, octobre 2000 |
| 563 | |aDépliant |
| 590 | |a00-48|b2000-12-01 |
| 720 | 1 |aClayton, M. |
| 720 | 1 |aHumble, L. |
| 776 | 0#|tSpécimens en double de microarthropodes|w(CaOODSP)9.604817 |
| 830 | #0|aNotes de transfert technologique,|x1484-2815|vN° 19, octobre 2000|w(CaOODSP)9.513024 |